000 01486nam0a2200337 4500
001 RU\NLR\bibl\1159654
005 20250615082451.0
010 _a978-5-93078-541-8
_9300
021 _aRU
_b2007-71949
_93868
035 _a(NLR Aleph) 001146407
090 _a1450015
_c1450015
100 _a20071126d2007 |||y0rusy50 ca
101 0 _arus
102 _aRU
105 _ay |||||||||
200 1 _aЭволюция большевистского политического режима. Становление тоталитаризма в СССР (октябрь 1917 г.- конец 30-х гг.)
_eкурс лекций
_fН.А. Мальцева
_gФГОУ ВПО "Сев.-кавказ. акад. гос. службы", фил. в г. Ставрополе
210 _aСтаврополь
_cСервисшкола
_d2007
215 _a145, [1] с.
_d21
517 0 _aСтановление тоталитаризма в СССР (октябрь 1917 г.- конец 30-х гг.)
606 1 _aТоталитаризм
_yСССР
_91070423
_3RU\NLR\auth\6698308
607 _aСССР
_xПолитика и управление
_z1917 - 1939
_92078615
_3RU\NLR\auth\661254477
686 _aТ3(2)71-313
686 _aФ3(2)125
700 1 _aМальцева
_bН. А.
_gНаталья Анатольевна
_4070
801 0 _aRU
_bNLR
_c20071126
_gRCR
801 1 _aRU
_bNLR
_c20071126
830 _aпо кн.
942 _cBOOK
980 _aNB